How Well Do You Know BTS? - Statistics

General Stats
  • This quiz has been taken 790 times
    706 since last reset
  • The average score is 7 of 15
Answer Stats
Question Answer % Correct
Fill in the blank: I'm your ___ , your my ___, I'm J-___ Hope
97%
Which American artist did BTS collab with for Boy With Luv? Halsey
94%
What is the name of V's dog? Yeontan
78%
What is Jungkook's hometown? Busan
73%
What does Jimin love most about himself? eyes
64%
What is RM's IQ? 148
61%
Who paved the way? BTS
61%
What was on the ring that Suga lost during a BTS concert? A
56%
What colored hair did RM have during Not Today era? purple
51%
Who did Jin claim as his Hollywood crush? Brad Pitt
37%
Which BTS music video was shot in one-take? Save Me
26%
Who gave Jimin the nickname, Chim Chim? Tony
22%
What BTS music video did V claim as his favorite? Spring Day
18%
What is the name of the laundry detergent that sold out in Korea after Jungkook mantioned it? Downey
4%
What is the name of J-hope and Suga's sub-unit? SOPE-ME
4%
No matching quizzes found
Score Distribution
Percent of People with Each Score
Percentile by Number Answered
Your Score History
You have not taken this quiz since the last reset